Statistics for Top 10 Formula One Drivers Starting With 'G'

Click here to take the quiz!

General Stats

  • This quiz has been taken 51 times
  • The average score is 5 of 10

Answer Stats

Lp.NationalityCareerDriver% Correct
4French2017-Pierre Gasly
91%
6French2009-2020Romain Grosjean
91%
2Argentine1950-1960Jose Froilan Gonzalez
64%
7German2004-2012Timo Glock
60%
1American1959-1970Dan Gurney
53%
3American1960-1967Richie Ginther
36%
5British1970-1974Peter Gethin
31%
10Italian1977-1990Bruno Giacomelli
24%
9Belgian1956-1961Olivier Gendebien
24%
8American1957-1965Masten Gregory
18%

Score Distribution

Percentile by Number Answered

Percent of People with Each Score

Your Score History

You have not taken this quiz